Statistiken für Wortgemisch - Deutsche Lieder #7

Klicken Sie hier um das Quiz zu spielen!

Allgemein

  • Dieses Quiz wurde 446 mal gespielt
  • Das Durchschnittsergebnis liegt bei 13 aus 15

Antwortstatistiken

HintAntwort% Korrekt
rzeH büre pfoKHerz über Kopf
99%
uAf snuAuf uns
98%
iDe niEeDie Eine
98%
öCherChöre
97%
zaTne baSma itM rimTanze Samba mit mir
96%
nhsiWannWahnsinn
96%
Hrei tomkm ide usMaHier kommt die Maus
94%
eHir moktm AxelHier kommt Alex
93%
rE tregöh uz rimEr gehört zu mir
92%
eurP stuL ma beneLPure Lust am Leben
92%
Reeng nud reMeRegen und Meer
91%
heZn ineelk remerestgäJiZehn kleine Jägermeister
90%
uD bleist chim tichnDu liebst mich nicht
85%
krewuFereFeuerwerk
79%
eumsiElbEisblume
30%

Verteilung der Resultate

Perzentil nach korrekt beantworteten Fragen

Anzahl Personen mit jedem Resultat

Ihre Resultats-Entwicklung

Sie haben dieses Quiz noch nicht gespielt